The digital economy : Promise and peril in the age of networked intelligence

Bibliographic Details
Main Author: TAPSCOTT
Format: Book
Published: New York, USA : McGraw-Hill , 1996
Subjects:

MARC

LEADER 00000cam a2200000 7i4500
001 0000000262
005 20000726.0
020 0 0 |a 0070633428 
090 0 0 |a 004.6   |b TAP 1996 
100 1 0 |a TAPSCOTT   |h Don 
245 1 4 |a The digital economy :   |b Promise and peril in the age of networked intelligence   |c Don Tapscott 
260 0 0 |a New York, USA :   |b McGraw-Hill ,   |c 1996 
300 |a xviii, 342 p. ;   |c 23 cm. 
500 0 0 |a Includes index 
650 0 0 |a Information technology 
999 |a 0000001419   |b Monograph   |c Open Shelf   |e Default branch